000 00579cam a2200229 4500
001 J657
008 090401t1992 xxu||||| |||| 00| 0 eng d
035 _a(Sirsi) u76105
041 _aeng
050 _a333.335
110 _aBidwells
_92678
245 _aFarming in uncertainty: agricultural confidence survey 1992.
260 _aCambridge
_bBidwells
_c1992
300 _a4p. ; 30cm.
350 _a0
650 _aEAST ANGLIA
650 _aFARMING
690 _aRURAL PRACTICE
710 _aEastern Counties Farmers Limited
_92683
942 _n0
948 _c04/03/1997
999 _c96119
_d96119